Over/Under: Religion Quiz Stats

 Plays Quiz Updated Aug 31, 2017

Challenge
Share
Tweet
Embed
Score 0/24 Timer 03:00
0 Plays Today
Question and Number Actual is Over or Under % Correct
Plagues of Egypt: 5???
79.6%
Olympian Muses: 3???
77.1%
Candles on a Hanukkah Menorah: 7???
77%
Sons of Jacob: 10???
66.7%
Labors of Hercules: 20???
65.3%
Catholic Sacraments: 12???
64.2%
Pieces of silver paid to Judas Iscariot: 100???
63.9%
Verses in the Bhagavad Gita: 375???
62.4%
Popes named Clement: 4???
61.6%
Books of the New Testament: 21???
61.2%
Books in the Book of Mormon: 9???
61%
Age of Noah at time of flood: 950???
60.8%
Question and Number Actual is Over or Under % Correct
Pillars of Islam: 7???
59.3%
Buddhist planes of existence: 45???
59.3%
Men fed by 5 loaves and 2 fish: 10,000???
57.7%
Suras of the Qur'an: 86???
57.7%
Seals of Revelation: 11???
57.2%
Days Jesus remained after resurrection: 20???
56.2%
Letters of Paul (Pauline Epistles): 17???
55.2%
Books of the Torah: 8???
53.8%
Basilicas in Rome: 39???
53.7%
Arms of Vishnu: 8???
52.3%
Days between Ash Weds. and Easter: 42???
42%
Synoptic Gospels: 4???
41.1%

You're not logged in!

Compare scores with friends on all Sporcle quizzes.
OR
Log In

You Might Also Like...

Show Comments

Extras

Top Quizzes Today


Score Distribution

Your Account Isn't Verified!

In order to create a playlist on Sporcle, you need to verify the email address you used during registration. Go to your Sporcle Settings to finish the process.

Report this User

Report this user for behavior that violates our Community Guidelines.

Details: